| 000 | 00759nam a2200265Ia 4500 | ||
|---|---|---|---|
| 003 | OSt | ||
| 005 | 20220925212458.0 | ||
| 006 | a|||||r|||| 00| 0 | ||
| 007 | ta | ||
| 008 | 220923b |||||||| |||| 00| 0 eng d | ||
| 037 | _cGeneral Book | ||
| 040 |
_aRTL _cRTL _beng |
||
| 041 |
_2eng _aeng |
||
| 082 | _aU21, M2 | ||
| 100 |
_aCraig R G Ed. _9276879 |
||
| 245 | 0 | _aApplied geomorphology | |
| 260 |
_aLondon _bAllen & Unwin UK _c1982 |
||
| 300 |
_ax,253p. _ccm. |
||
| 490 | _aBibghamton symposia series in geomorphology:Internaitonal series | ||
| 500 | _aBib chapterwise | ||
| 650 | _aGeomorphology | ||
| 700 |
_a Craft J L Ed. _9276880 |
||
| 942 |
_hU21, M2 _cGB _2CC |
||
| 999 |
_c560482 _d560482 |
||